00563nam a22001577a 450000500170000001000150001702000260003203500140005803700130007208200110008510000280009624500740012426000500019827000800024830000770032820221222160310.0 aENG-135926 a9789390961498c495.00 aEN-119458 bDBAD/PUB a954.11 aJehangir, Sheikh Khalid aThe two kashmirs:ba comparative analysis/cby Sheikh Khalid Jehangir aNew DelhibVitasta publishing pvt. ltd.c2023 a2/15, Ansari road, daryaganjbNew Delhie110002minfo@vitastapublishing.com aix,191p. c20cm(pbk)bAbbreviations, Bibliography, List of tables & maps